| 000 | 00953nas a2200313 4500 | ||
|---|---|---|---|
| 001 | BR2014004017 | ||
| 003 | BR-BrBNA | ||
| 005 | 20231205124208.0 | ||
| 007 | ta | ||
| 008 | 230509b bl.|||p| |||| 00| 00por d | ||
| 040 |
_aBR-BrBNA _bpor _cBiblioteca Nacional de Agricultura |
||
| 041 | _a(Pt) | ||
| 072 | _aF50 | ||
| 100 | 1 | _aGomes, S.M. | |
| 100 | 1 | _aSomavilla, N.S.D.N. | |
| 100 | 1 | _aGomes-Bezerra, K.M. | |
| 100 | 1 | _aMiranda, S. do C. de | |
| 100 | 1 | _aDe-Carvalho, P.S. | |
| 100 | 1 | _aGraciano-Ribeiro, D. | |
| 245 | 1 | _aAnatomia foliar de espécies de Myrtaceae: contribuições à taxonomia e filogenia | |
| 650 | _aANATOMIA VEGETAL | ||
| 650 | _aCÉLULA VEGETAL | ||
| 650 | _aFILOGENIA | ||
| 650 | _aFOLHA | ||
| 650 | _aTAXONOMIA VEGETAL | ||
| 773 | 0 |
_tActa Botanica Brasilica (Brazil) _xISSN 0102-3306 _g(Jan- Mar 2009), v. 23 (1) p. 223-238 _wBR2014004017 |
|
| 909 |
_a202311 _bLúcia _c55 _dLúcia Elande |
||
| 942 |
_2AGRIS _n0 _cANA |
||
| 999 |
_c237794 _d237794 |
||